000 00661nam a2200265Ia 4500
001 5952
005 20240113233856.0
007 ta
008 050623s1974 a g b000 u hin u
020 _cPB
040 _aCotton College Assam
041 _ahin
082 _a891.433
_bJ 221 P
100 _aJamali, Satish .
245 0 _aPratibandh /
_cSatish Jamali.
_hTextual Documents
250 _a1st ed. /
260 _aAllahbad :
_bCitralekha Prakashan ,
_c1974.
300 _a91p. :
_bill. ;
_c18cm .
653 _aHindi novel
653 _aHindi fiction
653 _aGen-Hindi
942 _2ddc
_cBK
999 _c5939
_d5939